| 000 | 00403nam a2200133 a 4500 | ||
|---|---|---|---|
| 005 | 20140412111233.0 | ||
| 008 | 001117s19uu xx 00 eng d | ||
| 050 |
_aER _bUp1 |
||
| 245 |
_aUp and down, Daisy : _b(opposites). |
||
| 300 | _a1 v. (unp. ; col. ; ill. | ||
| 520 | _a"Daisy Book" a book about antonyms in picture-book. | ||
| 650 | _aEnglish language -- synonyms and antonyms | ||
| 999 |
_c102278 _d102278 |
||